Shifting the burden (Record no. 67857)

MARC details
000 -LEADER
fixed length control field 00963cam a2200217 4500
001 - CONTROL NUMBER
control field WB3730-42
008 - FIXED-LENGTH DATA ELEMENTS--GENERAL INFORMATION
fixed length control field 010801n2001 000 0 eng u
035 ## - SYSTEM CONTROL NUMBER
System control number (Sirsi) u113885
245 ## - TITLE STATEMENT
Title Shifting the burden
260 ## - PUBLICATION, DISTRIBUTION, ETC.
Date of publication, distribution, etc. 2001
490 ## - SERIES STATEMENT
Series statement Guardian
Volume/sequential designation 31 July 2001
520 ## - SUMMARY, ETC.
Summary, etc. Government plans to revalue all homes in England in order to adust occupiers' tax payments in order to make local taxation fairer and take into account current house prices. However revaluing property to update council tax will benefit the north at the expense of the south, according to the New Policy Institute. But revaluation points only to the regressive nature of council tax and for now will only benefit the estate agents, paid public money to carry out the revaluations.
590 ## - LOCAL NOTE (RLIN)
Local note WB
650 ## - SUBJECT ADDED ENTRY--TOPICAL TERM
Topical term or geographic name entry element COUNCIL TAX
650 ## - SUBJECT ADDED ENTRY--TOPICAL TERM
Topical term or geographic name entry element REVALUATIONS
650 ## - SUBJECT ADDED ENTRY--TOPICAL TERM
Topical term or geographic name entry element TAX REFORM
650 ## - SUBJECT ADDED ENTRY--TOPICAL TERM
Topical term or geographic name entry element LOCAL COUNCILS
650 ## - SUBJECT ADDED ENTRY--TOPICAL TERM
Topical term or geographic name entry element LOCAL TAXATION
690 ## - LOCAL SUBJECT ADDED ENTRY--TOPICAL TERM (OCLC, RLIN)
Topical term or geographic name as entry element TAXATION
942 ## - ADDED ENTRY ELEMENTS (KOHA)
Suppress in OPAC 0
Holdings
Withdrawn status Lost status Source of classification or shelving scheme Damaged status Not for loan Home library Current library Shelving location Date acquired Total Checkouts Full call number Barcode Date last seen Copy number Price effective from Koha item type
    Dewey Decimal Classification     London London News article 01/08/2001   WB3730-42 113885-1001 06/08/2019 1 06/08/2019 News article